[Event "3. Open Pueblo Nuevo"]
[Site "Madrid ESP"]
[Date "2006.10.08"]
[Round "3.8"]
[White "Salgado Lopez, Oscar"]
[Black "Prieto Honorato, Juan Maria"]
[Result "1-0"]
[WhiteElo "2199"]
[BlackElo "2158"]
[PlyCount "83"]
[EventDate "2006.10.06"]
[EventType "swiss"]
[EventRounds "9"]
[EventCountry "ESP"]
[Source "lmi"]
[SourceDate "2006.10.06"]

1. e4 g6 2. d4 Bg7 3. Nc3 d6 4. f4 Nd7 5. Nf3 c5 6. d5 Nh6 7. Bd3 e6 8. O-O
exd5 9. Nxd5 O-O 10. f5 Ng4 11. Bg5 f6 12. Bf4 Nge5 13. Nxe5 Nxe5 14. Bxe5 dxe5
15. g4 Bh6 16. Qf3 Kg7 17. Rfd1 Bd7 18. a4 Bc6 19. Bc4 Bxd5 20. Rxd5 Qc7 21.
Rad1 Rad8 22. Qd3 Rxd5 23. Qxd5 Be3+ 24. Kf1 Kh6 25. Rd3 Bg5 26. Ke2 Bh4 27.
Rh3 g5 28. Qd2 Rd8 29. Bd5 Kg7 30. Rb3 b6 31. c4 Rd6 32. a5 Qb8 33. Qd1 a6 34.
Qg1 Qc7 35. Qa1 Kf8 36. Qa4 Qa7 37. Kf1 Ke7 38. Qa3 Qc7 39. axb6 Rxb6 40. Qa5
Rc6 41. Qxc7+ Rxc7 42. Rb6 1-0

[Event "3. Open Pueblo Nuevo"]
[Site "Madrid ESP"]
[Date "2006.10.08"]
[Round "3.9"]
[White "Ruiz Quevedo, Andres"]
[Black "Del Barrio Garcia, Alberto"]
[Result "1-0"]
[WhiteElo "1879"]
[BlackElo "2002"]
[PlyCount "85"]
[EventDate "2006.10.06"]
[EventType "swiss"]
[EventRounds "9"]
[EventCountry "ESP"]
[Source "lmi"]
[SourceDate "2006.10.06"]

1. e4 c5 2. Nc3 Nc6 3. g3 g6 4. Bg2 Bg7 5. Nge2 e6 6. d3 Nge7 7. Be3 d6 8. Qd2
Rb8 9. Bh6 O-O 10. h4 Bxh6 11. Qxh6 Kh8 12. h5 Ng8 13. Qd2 Nf6 14. hxg6 fxg6
15. Qg5 Kg8 16. Nf4 Ne5 17. f3 Nf7 18. Qh4 g5 19. Qh2 gxf4 20. gxf4 h6 21.
O-O-O Kh7 22. e5 dxe5 23. fxe5 Nd5 24. f4 Nxc3 25. bxc3 Rg8 26. Be4+ Kh8 27.
Qh5 Qf8 28. d4 b6 29. d5 Bb7 30. dxe6 Bxe4 31. exf7 Rg2 32. Rd6 Rxc2+ 33. Kd1
Bh7 34. Qxh6 Qxh6 35. Rhxh6 Rxc3 36. Rde6 Rd3+ 37. Ke2 Rdd8 38. Rh3 Kg7 39. Rf6
Bb1 40. Rg3+ Kh7 41. e6 Bxa2 42. e7 Rdc8 43. f8=Q 1-0

[Event "3. Open Pueblo Nuevo"]
[Site "Madrid ESP"]
[Date "2006.10.20"]
[Round "4.1"]
[White "Prieto Honorato, Jose Carlos"]
[Black "Aziz Ortego, Omar"]
[Result "1-0"]
[WhiteElo "1971"]
[BlackElo "2096"]
[PlyCount "65"]
[EventDate "2006.10.06"]
[EventType "swiss"]
[EventRounds "9"]
[EventCountry "ESP"]
[Source "lmi"]
[SourceDate "2006.10.06"]

1. e4 d6 2. d4 Nf6 3. Bd3 g6 4. c3 Bg7 5. f4 c5 6. Nf3 b6 7. O-O Bb7 8. d5 O-O
9. c4 e6 10. Nc3 exd5 11. exd5 Na6 12. f5 Nc7 13. Rb1 b5 14. b3 Qd7 15. Qc2
Rae8 16. Bd2 b4 17. Ne4 Nxe4 18. Bxe4 Bc8 19. Ng5 Bd4+ 20. Kh1 Qd8 21. fxg6
hxg6 22. Bxg6 Re7 23. Bxf7+ Rexf7 24. Rxf7 Rxf7 25. Nxf7 Kxf7 26. Qh7+ Ke8 27.
Qg6+ Kd7 28. Rf1 Nxd5 29. cxd5 Kc7 30. Bg5 Qh8 31. Rf7+ Bd7 32. Qe6 Qc8 33. Bf4
1-0

[Event "3. Open Pueblo Nuevo"]
[Site "Madrid ESP"]
[Date "2006.10.20"]
[Round "4.2"]
[White "Moratalla Garcia, Joaquin"]
[Black "Picon Rodriguez, Jose"]
[Result "0-1"]
[WhiteElo "1784"]
[BlackElo "2027"]
[PlyCount "78"]
[EventDate "2006.10.06"]
[EventType "swiss"]
[EventRounds "9"]
[EventCountry "ESP"]
[Source "lmi"]
[SourceDate "2006.10.06"]

1. c4 Nf6 2. Nc3 c5 3. g3 e6 4. Bg2 d5 5. cxd5 exd5 6. d3 Nc6 7. e3 Be6 8. Nge2
Be7 9. O-O Qd7 10. a3 O-O 11. Nf4 d4 12. Nxe6 fxe6 13. Ne4 Nxe4 14. Bxe4 Bf6
15. Bxc6 Qxc6 16. e4 c4 17. dxc4 Qxc4 18. f4 Bd8 19. Rf3 Bb6 20. Rd3 Rac8 21.
Kg2 Qc2+ 22. Qd2 Ba5 23. b4 Qa4 24. Qd1 Qxd1 25. Rxd1 Bb6 26. Ra2 Rc4 27. Rad2
e5 28. f5 Rfc8 29. Bb2 a5 30. b5 R8c5 31. Rb1 Rxb5 32. Rf1 Bd8 33. Rff2 Rbc5
34. g4 h6 35. Rf3 Bg5 36. Re2 a4 37. Kg3 Rc2 38. Rff2 d3 39. Rxc2 dxc2 0-1

[Event "3. Open Pueblo Nuevo"]
[Site "Madrid ESP"]
[Date "2006.10.20"]
[Round "4.3"]
[White "Gomez Ferrer, Jesus"]
[Black "Ruiz Quevedo, Andres"]
[Result "1-0"]
[WhiteElo "1892"]
[BlackElo "1879"]
[PlyCount "107"]
[EventDate "2006.10.06"]
[EventType "swiss"]
[EventRounds "9"]
[EventCountry "ESP"]
[Source "lmi"]
[SourceDate "2006.10.06"]

1. e4 e5 2. Nf3 Nc6 3. Bb5 Bc5 4. O-O Nf6 5. Nc3 d6 6. d3 Bg4 7. Bg5 h6 8. Be3
Bb6 9. Nd5 O-O 10. Nxb6 axb6 11. h3 Be6 12. a3 Ne7 13. c3 Ng6 14. Ba4 Nh7 15.
g4 Qf6 16. Bc2 Ng5 17. Bxg5 hxg5 18. Kg2 Nf4+ 19. Kg3 g6 20. Rh1 Kg7 21. Qd2
Rh8 22. Qe3 Rh6 23. Rh2 Rah8 24. Rah1 Qd8 25. d4 f6 26. Qe1 Qc8 27. Qf1 R8h7
28. Bd1 Qg8 29. Nd2 Qe8 30. Nf3 Qh8 31. Ng1 Qg8 32. d5 Bd7 33. f3 Qc8 34. Qc4
b5 35. Qf1 Qa8 36. c4 Qa5 37. Bb3 b4 38. axb4 Qxb4 39. Qd1 Rh8 40. Ne2 Ra8 41.
Nc3 Ra6 42. Ba2 Rh4 43. Qb3 Qc5 44. Qxb7 Rb6 45. Qa7 Qe3 46. Qxc7 Nh5+ 47. gxh5
Qf4+ 48. Kf2 Rxb2+ 49. Ne2 Qd2 50. Qxd7+ Kh6 51. Kg3 Rxe4 52. Qxd6 Qf4+ 53.
Nxf4 gxf4+ 54. Kg4 1-0

[Event "3. Open Pueblo Nuevo"]
[Site "Madrid ESP"]
[Date "2006.10.20"]
[Round "4.4"]
[White "Nuñez Muñoz, Jesus"]
[Black "Salgado Lopez, Oscar"]
[Result "1-0"]
[WhiteElo "2184"]
[BlackElo "2199"]
[PlyCount "95"]
[EventDate "2006.10.06"]
[EventType "swiss"]
[EventRounds "9"]
[EventCountry "ESP"]
[Source "lmi"]
[SourceDate "2006.10.06"]

1. e4 c5 2. Nf3 Nc6 3. d4 cxd4 4. Nxd4 Nf6 5. Nc3 e5 6. Ndb5 d6 7. Bg5 a6 8.
Na3 b5 9. Bxf6 gxf6 10. Nd5 Bg7 11. Bd3 Ne7 12. Nxe7 Qxe7 13. O-O f5 14. c4 O-O
15. Qh5 b4 16. Nc2 Qb7 17. exf5 e4 18. Be2 Bxb2 19. Rab1 Bc3 20. Ne3 f6 21. Nd5
Qg7 22. Nxc3 bxc3 23. Rb3 Qg5 24. Qxg5+ fxg5 25. g4 Bd7 26. Rxc3 Rfb8 27. Rd1
Rb2 28. Bf1 Rxa2 29. Rxd6 Ra7 30. c5 Bb5 31. Bxb5 axb5 32. c6 Rc7 33. Rd7 Raa7
34. Rxc7 Rxc7 35. Kf1 b4 36. Rc4 b3 37. Ke2 b2 38. Rb4 Rxc6 39. Rxb2 Rh6 40.
Ke3 Rxh2 41. Kxe4 h5 42. Ke5 hxg4 43. Kf6 Rh6+ 44. Kxg5 Ra6 45. Rb7 Kf8 46. f6
Ra8 47. Kg6 Kg8 48. Rg7+ 1-0

[Event "3. Open Pueblo Nuevo"]
[Site "Madrid ESP"]
[Date "2006.10.20"]
[Round "4.5"]
[White "Alonso Abad, Enrique"]
[Black "Sotnikov, Taras"]
[Result "1-0"]
[WhiteElo "2132"]
[BlackElo "1862"]
[PlyCount "57"]
[EventDate "2006.10.06"]
[EventType "swiss"]
[EventRounds "9"]
[EventCountry "ESP"]
[Source "lmi"]
[SourceDate "2006.10.06"]

1. Nf3 d5 2. d4 Nf6 3. e3 e6 4. Bd3 Bd6 5. O-O Nbd7 6. Nbd2 O-O 7. b3 Re8 8.
Bb2 c6 9. Ne5 Nf8 10. f4 Qc7 11. c4 b6 12. Rc1 Bb7 13. c5 bxc5 14. dxc5 Be7 15.
Ndf3 a5 16. Ng5 N8d7 17. Nxd7 Qxd7 18. Bxf6 Bxf6 19. Nxh7 Bb2 20. Rc2 f5 21.
Qh5 Bf6 22. Nxf6+ gxf6 23. Rf3 Qh7 24. Rg3+ Kh8 25. Qf3 Qd7 26. Rh3+ Kg8 27. g4
Re7 28. gxf5 Rf8 29. Rg2+ 1-0

[Event "3. Open Pueblo Nuevo"]
[Site "Madrid ESP"]
[Date "2006.10.20"]
[Round "4.6"]
[White "Fernandez Lledo, Javier"]
[Black "Martinez Rubio, Felipe"]
[Result "1/2-1/2"]
[WhiteElo "1907"]
[BlackElo "1904"]
[PlyCount "77"]
[EventDate "2006.10.06"]
[EventType "swiss"]
[EventRounds "9"]
[EventCountry "ESP"]
[Source "lmi"]
[SourceDate "2006.10.06"]

1. e4 c5 2. Nf3 e6 3. d4 cxd4 4. Nxd4 Nf6 5. Nc3 Nc6 6. Be3 Bb4 7. f3 d5 8. Bd3
Qa5 9. Qd2 O-O 10. Nb3 Bxc3 11. Nxa5 Bxd2+ 12. Bxd2 Nxa5 13. Bxa5 dxe4 14. fxe4
b6 15. Bb4 Re8 16. O-O Bb7 17. Rae1 a5 18. Bc3 Nd7 19. Rf3 Ba6 20. Rg3 e5 21.
Bxa6 Rxa6 22. Rd3 Nc5 23. Rd5 f6 24. Kf2 Kf7 25. Kf3 Na4 26. Re3 Re7 27. b3 Nc5
28. Bb2 Rd7 29. Rxd7+ Nxd7 30. Rd3 Ra7 31. Rd6 Rb7 32. a4 g6 33. g4 h6 34. Ba3
Nf8 35. Bc1 g5 36. Be3 Nd7 37. c4 Ke7 38. Rd5 Ra7 39. Ke2 1/2-1/2

[Event "3. Open Pueblo Nuevo"]
[Site "Madrid ESP"]
[Date "2006.10.20"]
[Round "4.7"]
[White "Prieto Honorato, Juan Maria"]
[Black "Holdsworth, Simon Paul"]
[Result "1-0"]
[WhiteElo "2158"]
[BlackElo "2072"]
[PlyCount "115"]
[EventDate "2006.10.06"]
[EventType "swiss"]
[EventRounds "9"]
[EventCountry "ESP"]
[Source "lmi"]
[SourceDate "2006.10.06"]

1. d4 g6 2. e4 d6 3. c4 Bg7 4. Nc3 Nf6 5. Bg5 h6 6. Be3 O-O 7. f3 Nc6 8. Bd3 e5
9. d5 Ne7 10. Qd2 Kh7 11. Nge2 Nd7 12. g4 Nc5 13. Bc2 a5 14. O-O-O Bd7 15. Ng3
a4 16. h4 Nc8 17. h5 g5 18. Nf5 Nb6 19. Qe2 Bxf5 20. exf5 f6 21. Kd2 Rf7 22.
Ke1 Qe7 23. Kf2 Nbd7 24. Be4 Nb6 25. Rb1 Rff8 26. Bc2 Ra6 27. b4 axb3 28. axb3
Rfa8 29. b4 Ncd7 30. Ne4 Ra2 31. Rhd1 Bf8 32. c5 Nc8 33. Rd2 Qd8 34. Bb3 R2a3
35. Ra2 Rxa2 36. Bxa2 Be7 37. Bb3 c6 38. Rd1 Qc7 39. Qc4 b5 40. cxb6 Ncxb6 41.
Qxc6 Rc8 42. Qxc7 Rxc7 43. Rc1 Rxc1 44. Bxc1 Kg7 45. Ba3 Nc8 46. Ke3 Ndb6 47.
Kd3 Kf8 48. Kc3 Na7 49. Bc1 Nb5+ 50. Kd3 Nc7 51. Nc3 Ke8 52. Be3 Nca8 53. Ba4+
Nxa4 54. Nxa4 Kd7 55. Nb6+ Nxb6 56. Bxb6 Kc8 57. Kc4 Bf8 58. Kb5 1-0

[Event "3. Open Pueblo Nuevo"]
[Site "Madrid ESP"]
[Date "2006.10.21"]
[Round "5.2"]
[White "Aziz Ortego, Omar"]
[Black "Martin Prieto, Oscar"]
[Result "0-1"]
[WhiteElo "2096"]
[BlackElo "2163"]
[PlyCount "108"]
[EventDate "2006.10.06"]
[EventType "swiss"]
[EventRounds "9"]
[EventCountry "ESP"]
[Source "lmi"]
[SourceDate "2006.10.06"]

1. d4 c5 2. c3 g6 3. e4 Bg7 4. Nf3 b6 5. Bc4 Bb7 6. O-O Nf6 7. e5 Nd5 8. dxc5
e6 9. cxb6 Qxb6 10. Re1 O-O 11. Qd4 Qxd4 12. Nxd4 Rc8 13. Bxd5 Bxd5 14. Nd2 Nc6
15. N2f3 Nxd4 16. Nxd4 Rab8 17. f4 f6 18. exf6 Bxf6 19. Rd1 Rc4 20. Nc2 Be7 21.
Kh1 Bc5 22. Ne1 Bd6 23. Nd3 Rf8 24. Be3 g5 25. fxg5 Rh4 26. Bg1 Rg4 27. Rd2 Rf5
28. Nb4 Bxb4 29. cxb4 Rfxg5 30. h3 Rxg2 31. Rxd5 exd5 32. Bxa7 Rxb2 33. Bc5 d4
34. a4 d3 35. Rd1 Rd5 36. a5 d6 37. Be3 Rxb4 38. a6 Ra4 39. a7 Ra2 40. Rd2 Rda5
41. Rxd3 d5 42. Rb3 Kf7 43. Rb7+ Kg6 44. h4 h5 45. Rb8 Kf5 46. Rg8 Ke4 47. Bb6
Ra6 48. Bc5 R6a5 49. Bb6 Ra6 50. Bc5 Kd3 51. Rg5 Kc4 52. Bg1 d4 53. Rxh5 Rxa7
54. Rh8 Rg7 0-1

[Event "3. Open Pueblo Nuevo"]
[Site "Madrid ESP"]
[Date "2006.10.21"]
[Round "5.3"]
[White "Prieto Honorato, Juan Maria"]
[Black "Nuñez Muñoz, Jesus"]
[Result "0-1"]
[WhiteElo "2158"]
[BlackElo "2184"]
[PlyCount "142"]
[EventDate "2006.10.06"]
[EventType "swiss"]
[EventRounds "9"]
[EventCountry "ESP"]
[Source "lmi"]
[SourceDate "2006.10.06"]

1. d4 Nf6 2. c4 e6 3. Nc3 Bb4 4. e3 c5 5. Bd3 Nc6 6. Nge2 cxd4 7. exd4 d5 8. a3
dxc4 9. Bxc4 Be7 10. O-O O-O 11. b4 b6 12. f4 Bb7 13. f5 exf5 14. Rxf5 Rc8 15.
Qd3 a6 16. d5 Nb8 17. Bg5 Ne8 18. Bxe7 Qxe7 19. Bb3 Nd6 20. Rf3 Nd7 21. Re3 Qd8
22. Rf1 Nf6 23. Rh3 Re8 24. Nf4 Qe7 25. Bc2 g6 26. Rhf3 Nd7 27. Nh5 Qe5 28. Ng3
b5 29. a4 Re7 30. axb5 axb5 31. Bb3 Nb6 32. Ra1 Rec7 33. Nge2 Nxd5 34. Bxd5
Rxc3 35. Nxc3 Rxc3 36. Qxc3 Qxd5 37. Qc5 Qd2 38. Rf2 Qd3 39. Qc2 Qd4 40. Qd2
Qxa1+ 41. Rf1 Qe5 42. Re1 Ne4 43. Qe3 Qc3 44. Qxc3 Nxc3 45. Rc1 Ne4 46. Rc7 Bd5
47. Kf1 Bc4+ 48. Ke1 Kg7 49. Re7 Nc3 50. Kd2 Nd5 51. Rd7 Nxb4 52. Kc3 Nd5+ 53.
Kd4 Nf4 54. g3 Ne6+ 55. Kc3 h5 56. Rb7 Nc5 57. Rc7 Ne4+ 58. Kd4 Ng5 59. Ke3 Ne6
60. Rb7 Kf6 61. Rb6 Ke5 62. Rb7 f5 63. Rb6 g5 64. Rb7 f4+ 65. gxf4+ gxf4+ 66.
Kf2 Kd4 67. Rh7 b4 68. Rxh5 b3 69. Rh8 b2 70. Rb8 Kc3 71. Rxb2 Kxb2 0-1

[Event "3. Open Pueblo Nuevo"]
[Site "Madrid ESP"]
[Date "2006.10.21"]
[Round "5.4"]
[White "Alonso Abad, Enrique"]
[Black "Prieto Honorato, Jose Carlos"]
[Result "1-0"]
[WhiteElo "2132"]
[BlackElo "1971"]
[PlyCount "93"]
[EventDate "2006.10.06"]
[EventType "swiss"]
[EventRounds "9"]
[EventCountry "ESP"]
[Source "lmi"]
[SourceDate "2006.10.06"]

1. d4 d6 2. Nf3 g6 3. g3 Bg7 4. Bg2 Nf6 5. O-O O-O 6. c4 c5 7. d5 a6 8. Nc3
Nbd7 9. a4 Rb8 10. Qc2 Ng4 11. h3 Nge5 12. Nd2 Nb6 13. b3 e6 14. a5 Na8 15. Bb2
exd5 16. Nxd5 Nc7 17. f4 Nxd5 18. cxd5 Nd7 19. Bxg7 Kxg7 20. f5 gxf5 21. Qxf5
Ne5 22. Qh5 h6 23. Nc4 Nxc4 24. bxc4 Qg5 25. Qxg5+ hxg5 26. Rab1 f5 27. Rb6 Rd8
28. h4 gxh4 29. gxh4 Kf6 30. e3 Ke5 31. Kf2 Rg8 32. Bf3 Rg6 33. h5 Rf6 34. Rh1
f4 35. h6 fxe3+ 36. Kxe3 Bf5 37. h7 Rff8 38. Rh5 Kf6 39. Rxd6+ Ke7 40. Rdh6
Bxh7 41. Rxh7+ Kd8 42. R5h6 Re8+ 43. Re6 Rxe6+ 44. dxe6 b5 45. axb6 Rxb6 46.
e7+ Kd7 47. Bg4+ 1-0

[Event "3. Open Pueblo Nuevo"]
[Site "Madrid ESP"]
[Date "2006.10.21"]
[Round "5.5"]
[White "Salgado Lopez, Oscar"]
[Black "Gomez Ferrer, Jesus"]
[Result "1-0"]
[WhiteElo "2199"]
[BlackElo "1892"]
[PlyCount "117"]
[EventDate "2006.10.06"]
[EventType "swiss"]
[EventRounds "9"]
[EventCountry "ESP"]
[Source "lmi"]
[SourceDate "2006.10.06"]

1. e4 c5 2. Nf3 e6 3. d4 cxd4 4. Nxd4 Nf6 5. Nc3 Bb4 6. e5 Nd5 7. Bd2 Nxc3 8.
bxc3 Be7 9. Qg4 g6 10. h4 h5 11. Qg3 Nc6 12. Bd3 Rg8 13. Nb5 a6 14. Nd6+ Bxd6
15. exd6 Qa5 16. O-O b5 17. Qf4 Qd8 18. Rfb1 f5 19. a4 bxa4 20. Rxa4 Qf6 21.
Be4 e5 22. Bxc6 exf4 23. Bxa8 Qxd6 24. Bxf4 Qc5 25. c4 d6 26. Re1+ Kd7 27. Rd1
Rd8 28. Bxd6 Qxd6 29. Rxd6+ Kxd6 30. Bd5 Rd7 31. f3 Ke5 32. c3 Ra7 33. Ra5 Kd6
34. Kf2 Rc7 35. Ke3 Rc5 36. Ra3 Ke5 37. f4+ Kd6 38. Kd4 Rc7 39. Rb3 a5 40. c5+
Ke7 41. c6 Kd6 42. c4 Ra7 43. c5+ Kc7 44. Re3 Kd8 45. Ra3 Ke7 46. Ke5 Ra6 47.
Kd4 Ra7 48. Bc4 Rc7 49. Rxa5 Rxc6 50. Ra7+ Kd8 51. Bd5 Rf6 52. Ke5 Rf8 53. Rg7
Re8+ 54. Kd6 Ba6 55. c6 Kc8 56. Ra7 Rd8+ 57. Ke5 Be2 58. Be6+ Kb8 59. c7+ 1-0

[Event "3. Open Pueblo Nuevo"]
[Site "Madrid ESP"]
[Date "2006.10.21"]
[Round "5.6"]
[White "Picon Rodriguez, Jose"]
[Black "Adedeji, Adekola"]
[Result "1/2-1/2"]
[WhiteElo "2027"]
[BlackElo "2109"]
[PlyCount "126"]
[EventDate "2006.10.06"]
[EventType "swiss"]
[EventRounds "9"]
[EventCountry "ESP"]
[Source "lmi"]
[SourceDate "2006.10.06"]

1. e4 e5 2. Nf3 Nc6 3. d4 exd4 4. Nxd4 Nf6 5. Nxc6 bxc6 6. e5 Nd5 7. Bd3 d6 8.
Qe2 Be7 9. exd6 cxd6 10. O-O Nb4 11. Bc4 d5 12. c3 dxc4 13. cxb4 Be6 14. Rd1
Qc7 15. a3 O-O 16. Be3 Bf6 17. Nc3 a5 18. bxa5 Rxa5 19. Bd4 Qf4 20. Bxf6 Qxf6
21. Rd6 Re5 22. Qd2 Rc8 23. Rd1 h6 24. f3 Qe7 25. Rd8+ Kh7 26. Rxc8 Bxc8 27.
Qd4 Re1+ 28. Kf2 Rxd1 29. Nxd1 Be6 30. Ne3 Qb7 31. Qc3 Qb5 32. Ke2 Kg8 33. Kd2
f5 34. f4 Qb8 35. Qe5 Qxe5 36. fxe5 f4 37. Nc2 Bd5 38. g3 g5 39. Nb4 Be4 40.
Na6 fxg3 41. hxg3 c5 42. Nxc5 Bc6 43. Ne6 Bd5 44. Nd4 h5 45. Ke3 Kf7 46. a4 Ke7
47. a5 Kd7 48. a6 Kc7 49. e6 Kb6 50. e7 Bf7 51. a7 Kxa7 52. Nc6+ Kb6 53. Ne5
Be8 54. Nf3 Kc5 55. Nxg5 Kd6 56. Kd4 Kxe7 57. Kxc4 Kf6 58. Ne4+ Ke5 59. Nf2 Bc6
60. Kc5 Bf3 61. b4 Be2 62. b5 Bxb5 63. Kxb5 Kd4 1/2-1/2

[Event "3. Open Pueblo Nuevo"]
[Site "Madrid ESP"]
[Date "2006.10.22"]
[Round "6.1"]
[White "Martinez Garcia, Felipe"]
[Black "Moratalla Garcia, Joaquin"]
[Result "1-0"]
[WhiteElo "2028"]
[BlackElo "1784"]
[PlyCount "35"]
[EventDate "2006.10.06"]
[EventType "swiss"]
[EventRounds "9"]
[EventCountry "ESP"]
[Source "lmi"]
[SourceDate "2006.10.06"]

1. f4 Nf6 2. Nf3 d6 3. d4 g6 4. c4 Bg7 5. Nc3 O-O 6. e4 c5 7. Be2 e6 8. d5 Na6
9. O-O Ne8 10. Be3 f5 11. e5 h6 12. Qd2 b6 13. Rad1 dxe5 14. Nxe5 exd5 15. Nxd5
Nf6 16. Nxg6 Nxd5 17. Nxf8 Qxf8 18. Qxd5+ 1-0

[Event "3. Open Pueblo Nuevo"]
[Site "Madrid ESP"]
[Date "2006.10.22"]
[Round "6.2"]
[White "Del Barrio Garcia, Alberto"]
[Black "Adedeji, Adekola"]
[Result "0-1"]
[WhiteElo "2002"]
[BlackElo "2109"]
[PlyCount "66"]
[EventDate "2006.10.06"]
[EventType "swiss"]
[EventRounds "9"]
[EventCountry "ESP"]
[Source "lmi"]
[SourceDate "2006.10.06"]

1. e4 e5 2. Nf3 Nc6 3. Bc4 Be7 4. O-O Nf6 5. Re1 O-O 6. c3 Nxe4 7. Bd5 Nc5 8.
d4 exd4 9. cxd4 Na6 10. Nc3 Bf6 11. Bf4 Ne7 12. Bb3 d5 13. Ne5 c6 14. Bc2 Nc7
15. g4 Ne6 16. Bg3 Ng6 17. Qd3 Bh4 18. f4 Bxg3 19. hxg3 Re8 20. Nf3 Nef8 21.
Rxe8 Qxe8 22. Re1 Qd8 23. f5 Nh8 24. Qe3 f6 25. g5 Bd7 26. Qf4 fxg5 27. Nxg5
Qf6 28. g4 Nf7 29. Nxf7 Qxf7 30. Ne4 dxe4 31. Bb3 Be6 32. Bxe6 Nxe6 33. Qd6 Ng5
0-1

[Event "3. Open Pueblo Nuevo"]
[Site "Madrid ESP"]
[Date "2006.10.22"]
[Round "6.3"]
[White "Nuñez Muñoz, Jesus"]
[Black "Alonso Abad, Enrique"]
[Result "0-1"]
[WhiteElo "2184"]
[BlackElo "2132"]
[PlyCount "108"]
[EventDate "2006.10.06"]
[EventType "swiss"]
[EventRounds "9"]
[EventCountry "ESP"]
[Source "lmi"]
[SourceDate "2006.10.06"]

1. d4 d5 2. Nf3 Nf6 3. c4 c6 4. cxd5 cxd5 5. Nc3 Nc6 6. Bf4 e6 7. e3 Bd6 8.
Bxd6 Qxd6 9. Bd3 O-O 10. O-O e5 11. dxe5 Nxe5 12. Be2 a6 13. Rc1 Nc6 14. Nd4
Be6 15. Nxc6 bxc6 16. Na4 Nd7 17. Qd4 Rfb8 18. b3 Rb4 19. Qc3 Ne5 20. Rfd1 Ng4
21. Bxg4 Bxg4 22. Rd2 Bd7 23. Nc5 Rbb8 24. h3 Rc8 25. Rd4 Rc7 26. Ra4 Bc8 27.
Ra5 Qg6 28. Kf1 Bf5 29. Rd1 Qh5 30. Qd4 Bc8 31. b4 h6 32. Rc1 Re7 33. a3 Qg6
34. Qh4 Qd6 35. Kg1 g5 36. Qd4 Qg6 37. f3 h5 38. Nd3 Qe6 39. Kf2 f5 40. Rac5
Bb7 41. f4 gxf4 42. exf4 Qe2+ 43. Kg1 Rg7 44. Nf2 Re8 45. R5c2 Qe6 46. Rd2 Rg3
47. Rd3 h4 48. Rcd1 Qg6 49. Rxg3 hxg3 50. Nd3 Re4 51. Qb6 Qh5 52. Rc1 Qe2 53.
Qxb7 Qe3+ 54. Kh1 Qxc1+ 0-1

[Event "3. Open Pueblo Nuevo"]
[Site "Madrid ESP"]
[Date "2006.10.22"]
[Round "6.4"]
[White "Martin Prieto, Oscar"]
[Black "Salgado Lopez, Oscar"]
[Result "0-1"]
[WhiteElo "2163"]
[BlackElo "2199"]
[PlyCount "64"]
[EventDate "2006.10.06"]
[EventType "swiss"]
[EventRounds "9"]
[EventCountry "ESP"]
[Source "lmi"]
[SourceDate "2006.10.06"]

1. c4 e5 2. Nc3 Nc6 3. g3 f5 4. Bg2 Nf6 5. d3 Bb4 6. a3 Bxc3+ 7. bxc3 O-O 8.
Nf3 d6 9. Rb1 Rb8 10. O-O Bd7 11. Ne1 Qe8 12. Nc2 Qh5 13. Ne3 f4 14. Nd5 Nxd5
15. cxd5 Ne7 16. d4 Bh3 17. dxe5 Bxg2 18. Kxg2 fxg3 19. hxg3 Qxe5 20. Qc2 Nxd5
21. Rh1 g6 22. c4 Nc3 23. Rb2 Qe4+ 24. Qxe4 Nxe4 25. f3 Nc5 26. Be3 b6 27. Bd4
Ne6 28. Bc3 Rf5 29. Rbb1 Rc5 30. Rh4 Re8 31. Bb4 Re5 32. e4 a5 0-1

[Event "3. Open Pueblo Nuevo"]
[Site "Madrid ESP"]
[Date "2006.10.22"]
[Round "6.5"]
[White "Prieto Honorato, Jose Carlos"]
[Black "Prieto Honorato, Juan Maria"]
[Result "1/2-1/2"]
[WhiteElo "1971"]
[BlackElo "2158"]
[PlyCount "133"]
[EventDate "2006.10.06"]
[EventType "swiss"]
[EventRounds "9"]
[EventCountry "ESP"]
[Source "lmi"]
[SourceDate "2006.10.06"]

1. d4 g6 2. c3 Bg7 3. e4 d5 4. e5 Nh6 5. Bd3 O-O 6. Ne2 f6 7. O-O fxe5 8. dxe5
c5 9. f4 Nc6 10. Be3 b6 11. Nd2 Nf5 12. Bf2 e6 13. Ng3 Bb7 14. Nxf5 gxf5 15.
Qh5 Qe8 16. Qxe8 Raxe8 17. Rad1 Rf7 18. Nf3 Bf8 19. a3 h6 20. Bh4 Be7 21. Bxe7
Rfxe7 22. Bb5 a6 23. Ba4 b5 24. Bb3 a5 25. Rf2 Nb8 26. Nh4 Rg7 27. Rfd2 Kh7 28.
g3 Reg8 29. Kf2 Nd7 30. c4 bxc4 31. Bxc4 Bc6 32. Bd3 c4 33. Bc2 Nc5 34. Nf3 Ba4
35. Nd4 Bxc2 36. Rxc2 Rb7 37. b3 Ne4+ 38. Ke3 cxb3 39. Rb2 Rc8 40. Nxe6 Nc3 41.
Rd3 a4 42. Nd4 Kg6 43. Ne2 Nxe2 44. Kxe2 Rd7 45. Rd4 Rc4 46. Rbd2 Rxd4 47. Rxd4
Rb7 48. Rd1 Kf7 49. Rc1 Ke7 50. Kd3 Kd7 51. Kd4 Rc7 52. Rxc7+ Kxc7 53. Kd3 h5
54. Kd2 Kc6 55. Kd3 d4 56. Kd2 Kd5 57. Kd3 Kc5 58. Kd2 Kd5 59. h3 Ke6 60. Kd3
Kd5 61. Kd2 Ke6 62. Kd3 Kd5 63. h4 Ke6 64. Kd2 Kd5 65. Kd3 Ke6 66. Kd2 Kd5 67.
Kd3 1/2-1/2

[Event "3. Open Pueblo Nuevo"]
[Site "Madrid ESP"]
[Date "2006.10.22"]
[Round "6.6"]
[White "Holdsworth, Simon Paul"]
[Black "Gomez Ferrer, Jesus"]
[Result "0-1"]
[WhiteElo "2072"]
[BlackElo "1892"]
[PlyCount "124"]
[EventDate "2006.10.06"]
[EventType "swiss"]
[EventRounds "9"]
[EventCountry "ESP"]
[Source "lmi"]
[SourceDate "2006.10.06"]

1. f4 d5 2. Nf3 c5 3. e3 a6 4. Be2 Nc6 5. O-O Bg4 6. h3 Bxf3 7. Bxf3 Nf6 8. b3
e6 9. Bb2 Be7 10. d3 Qc7 11. Na3 Rd8 12. Be2 h5 13. Qe1 h4 14. Qf2 Rh7 15. Rad1
g6 16. c4 d4 17. e4 Nh5 18. Bxh5 Rxh5 19. Nc2 Kd7 20. a3 Kc8 21. Qd2 Rg8 22. b4
g5 23. Qe2 Rh7 24. b5 Nb8 25. Qg4 Rhg7 26. f5 Qe5 27. Ne1 Bd6 28. Nf3 Qf4 29.
Bc1 Qxg4 30. hxg4 exf5 31. bxa6 Nxa6 32. exf5 f6 33. Rde1 Nc7 34. Re2 Rh7 35.
Kh1 h3 36. Bd2 Rgh8 37. g3 Bxg3 38. Ba5 Bf4 39. Bb6 Bd6 40. Nd2 Kd7 41. Ne4 Be5
42. Bxc5 Rh4 43. Rg1 h2 44. Rgg2 Rh3 45. Nxg5 Rxd3 46. Bb4 Rd1+ 47. Be1 d3 48.
Re4 Bc3 49. Nf3 Rh3 50. Nd2 Ne8 51. c5 Nc7 52. Rf2 Nd5 53. Nf1 Rxe1 54. Rxe1
Bxe1 55. Rb2 Kc6 56. Nd2 Bxd2 57. Rxd2 Kxc5 58. Rd1 Kd4 59. Rb1 d2 60. g5 fxg5
61. Rf1 Ke3 62. Rb1 Ke2 0-1

[Event "3. Open Pueblo Nuevo"]
[Site "Madrid ESP"]
[Date "2006.10.22"]
[Round "6.7"]
[White "Martinez Rubio, Felipe"]
[Black "Aziz Ortego, Omar"]
[Result "0-1"]
[WhiteElo "1904"]
[BlackElo "2096"]
[PlyCount "134"]
[EventDate "2006.10.06"]
[EventType "swiss"]
[EventRounds "9"]
[EventCountry "ESP"]
[Source "lmi"]
[SourceDate "2006.10.06"]

1. d4 Nf6 2. Nf3 g6 3. g3 Bg7 4. Bg2 O-O 5. O-O d6 6. Re1 Nc6 7. c3 e5 8. dxe5
dxe5 9. e4 Bg4 10. h3 Be6 11. Ng5 Bd7 12. Nd2 Qc8 13. Kh2 h6 14. Ngf3 Nh7 15.
Ng1 f5 16. exf5 gxf5 17. Nc4 e4 18. Ne2 Be6 19. Ne3 Ng5 20. Nf4 Ne5 21. Kh1
Ngf3 22. Rf1 Kh7 23. Qc2 Bf7 24. Bd2 h5 25. Rad1 Bh6 26. Ne2 Bc4 27. Nxc4 Nxc4
28. Bxh6 Kxh6 29. Bxf3 exf3 30. Ng1 f4 31. Qc1 Kh7 32. Qc2+ Kg7 33. Rd5 Qe8 34.
Rfd1 fxg3 35. Rg5+ Kh6 36. Rxg3 Nd6 37. Qd2+ Kh7 38. Qd3+ Rf5 39. Nxf3 Qc6 40.
Kh2 Rg8 41. Rdg1 Rxg3 42. Rxg3 Qe4 43. Qe3 Qxe3 44. fxe3 Ne4 45. Nd4 Nxg3 46.
Kxg3 Rf6 47. e4 Kg6 48. e5 Rf8 49. Nb5 Rf5 50. Nxc7 Rxe5 51. Kf4 Re2 52. b3
Rxa2 53. Nb5 a6 54. Nd6 b5 55. b4 Rh2 56. Kg3 Rd2 57. Ne4 Rd3+ 58. Kg2 Re3 59.
Nc5 Rxc3 60. Nxa6 Kf5 61. Nc5 h4 62. Na6 Kf4 63. Nc5 Rc2+ 64. Kg1 Ke3 65. Na6
Kf3 66. Nc5 Rc4 67. Na6 Kg3 0-1